All NCT U, NCT DOJAEJUNG Songs - Statistics

General Stats
  • This quiz has been taken 70 times
    50 since last reset
  • The average score is 66 of 184
Answer Stats
Answer % Correct
90’s Love
76%
CRZY
76%
Golden (with Raiden)
76%
Make A Wish
72%
Roses
72%
The 7th Sense
72%
Birthday
68%
Universe (Let’s Play Ball)
68%
1999
64%
Dream in a Dream
64%
Dream In A Dream
64%
Faded In My Last Song
64%
Golden Age (NCT 2023)
64%
Interlude: Oasis
64%
Kangaroo
64%
PADO
64%
Perfume
64%
Smoke
64%
Work It
64%
Boss
60%
Camera Lights
60%
Dandelion
60%
Interlude: Past to Present
60%
Misfit
60%
N.Y.C.T
60%
SHALALA
60%
Volcano
60%
Without You
60%
200
56%
Baby Don’t Stop
56%
Baggy Jeans
56%
Black On Black
56%
Interlude: Present to Future
56%
Kiss
56%
Light Bulb
56%
Nightwalker
56%
The BAT
56%
Water
56%
+82 Pressin (feat. Haechan)
52%
ADRENALINE
52%
Beautiful
52%
Butterfly
52%
Call D
52%
Can’t Get You
52%
Fraktsiya (feat. Lee Youngji)
52%
From Home
52%
Intro: Neo Got My Back
52%
Raise the Roof
52%
Round&Round
52%
TAP
52%
Alley Oop
48%
Bambola
48%
Dive
48%
Easy
48%
Grey Rain
48%
Raincouver
48%
Righteous
48%
Strawberry Sunday
48%
Watching TV (feat. Crush)
48%
Yestoday
48%
Child
44%
Completely
44%
Dreaming
44%
Flamin’ Hot Lemon
44%
Golden Hour
44%
Lie With You
44%
Loser
44%
Mom’s Interlude
44%
Off The Mask
44%
OK!
44%
STUNNER
44%
Waves
44%
Dangerous
40%
I.O.U
40%
Moon Tour
40%
On Ten
40%
Ordinary
40%
RUBY
40%
Should Be
40%
Sweet As Sin
40%
Talented
40%
That’s Not Fair
40%
Timeless
40%
Toronto’s Window
40%
TWISTED PARADISE
40%
Birthday Party
36%
Can We Go Back
36%
Flight to NYC
36%
Journey Mercies
36%
Little Light
36%
Rain Day
36%
Unconditional
36%
404 File Not Found
32%
404 Loading
32%
APE
32%
Dancing In The Rain
32%
Horizon
32%
Love Beyond
32%
New Axis
32%
Not Your Fault
32%
Shadow
32%
Too Much
32%
Try Again (with d.ear)
32%
Conextion (Age of Light)
28%
Dallas Love Field
28%
Earthquake
28%
GWANDO
28%
Intermission
28%
Know Now
28%
LAST SONG
28%
Marine Turtle
28%
Memory
28%
Outro (Back In The Studio)
28%
Outro: Vision
28%
Serenade
28%
Sweet Dream
28%
All About You
24%
AROUND (with Hitchhiker)
24%
Beginning
24%
Coming Home
24%
Enough For ME
24%
Forever Only
24%
Good Night
24%
Lost In California
24%
Miracle
24%
New Heroes
24%
Paint Me Naked
24%
PRISONER
24%
Roll With Me
24%
Silence
24%
Ups & Downs
24%
Vroom
24%
BAD EUPHORIA
20%
Cry
20%
Flash
20%
Outro: Dream Routine
20%
Sand Box
20%
Time Machine (ft.TAEYEON, MARK)
20%
When I’m Not Around
20%
17
16%
All Good
16%
Back to the Past
16%
Goodbye
16%
Just Friends
16%
Love Theory (with Wonstein)
16%
Rest
16%
Save You
16%
Swipe (Taeyong & Ten)
16%
Virtual Insanity
16%
Wake From The Dark
16%
WYN? (feat. HAON)
16%
Be My Light
12%
Burn It Up
12%
Do It (Lets Play)
12%
Eternity
12%
First Step
12%
From Little Wave
12%
Living Now
12%
Long Flight
12%
Luminous
12%
Move Mood Mode (ft.Wendy)
12%
Rewind
12%
Run Away
12%
Sleepless
12%
Sonnet
12%
Still
12%
Sunkissed (ft. Big Naught)
12%
The Story
12%
Warmth
12%
Yumenotsuzuki
12%
Back to you
8%
First Love
8%
Call It Off
4%
Cure (with Yoo Young Jin)
4%
Don’t Say Goodbye
4%
First Christmas (with Joy)
4%
I’ll be there (with Zhoumi)
4%
Lemonade Love (with Park Jae Jung)
4%
Star Blossom
4%
STARDUST (with IMLAY)
4%
The Riot (with Ginjo)
4%
Young & Free (with Xiumin)
4%
No matching quizzes found
Score Distribution
Percent of People with Each Score
Percentile by Number Answered
Your Score History
You have not taken this quiz since the last reset